000 01663cam a2200253 a 4500
020 _a9789251061589
020 _a9251061580
040 _cBTCTA
082 0 4 _a614 FOO 2008 A054 Or.
100 1 _aLeak, S. G. A.
245 1 0 _aCollection of entomological baseline data for tsetse area-wide integrated pest management programmes /
260 _aRome :
_bFood and Agriculture Organization of the United Nations,
_c2008
300 _aviii, 205 p. :
_bill. (some col.), maps (chiefly col.) ;
_c25 cm
490 1 _aFAO animal production and health guidelines,
520 _aArea-wide integrated pest management (AW-IPM) entails the integration of different control tactics against an entire pest population within a circumscribed area, while given adequate attention to human health and the environment. For most insect pests including tsetse, AW-IPM results in more sustainable pest control and the concept has gained significantly in importance in the last decade. These guidelines provide, aside from some basic information on the biology of tsetse flies, guidance on the development and implementation of an entomological survey to collect essential baseline data using modern spatial tools such as geographic information systems (GIS), satellite imagery, remote sensing, land use land cover maps, the Global Position System, etc.--Publisher's description
650 0 _aTsetse-flies
650 0 _aTsetse-flies
650 0 _aInsect surveys
700 1 _aEjigu, Dejene
700 1 _aVreysen, M. J. B
710 2 _aFood and Agriculture Organization of the United Nations
856 1 1 _uftp://ftp.fao.org/docrep/fao/011/i0535e/i0535e.pdf
942 _cEK
999 _c15093
_d15093